Jak se dělá průzkum

Marketingový prieskum vykonávaný spoločnosťou Amasia, s.r.o. - agentúrou pre marketingové a sociálnoekonomické analýzy. Rozhovor a dotazníky. Zostavenie výsledkov prieskumu do grafov.

Uložené v:
Podrobná bibliografia
Médium: Kapitola
Jazyk:Czech
Predmet:
Tagy: Pridať tag
Žiadne tagy, Buďte prvý, kto otaguje tento záznam!

MARC

LEADER 00000naa a2200000 4500
001 r019604
005 20221205102817.4
041 0 |a cze 
044 |a CZ 
245 1 0 |a Jak se dělá průzkum 
520 |a Marketingový prieskum vykonávaný spoločnosťou Amasia, s.r.o. - agentúrou pre marketingové a sociálnoekonomické analýzy. Rozhovor a dotazníky. Zostavenie výsledkov prieskumu do grafov. 
610 2 0 |a prieskum trhu 
610 2 0 |a marketing 
610 2 0 |a rozhovor 
610 2 0 |a dotazníky